ZARAĎOVANIE JAČMEŇA SIATEHO JARNÉHO V RÔZNYCH OSEVNÝCH POSTUPOCH

Bibliographic Details
Main Author: Pospišil, Richard, 1954- (Author)
Format: Article
Language:Slovak
ISBN:8071376817

MARC

LEADER 00000naa a2200000uu 4500
001 vtls010934957
003 SK-MaSNL
005 20260302122836.0
008 210910|2000 xo |||||||||||||||||slo|
015 |a SNBRA 
035 |a (urnnbn)urn:nbn:sk:snk:ar-a0b6yr 
035 |a (uuid)ff90d263-4847-455b-8513-db38fca4ce12 
035 |a urn:nbn:sk:snk-aatzch 
040 |a SNKBUCL  |b slo  |c SNKBUCL  |e AACR2 
041 0 |a slo 
044 |a xo  |c SK 
100 1 |a Pospišil, Richard,  |d 1954-  |4 aut  |9 7530 
245 1 0 |a ZARAĎOVANIE JAČMEŇA SIATEHO JARNÉHO V RÔZNYCH OSEVNÝCH POSTUPOCH  |c Richard Pospišil 
773 0 |t Jačmeň - výroba a zhodnotenie  |d V Nitre : Slovenská poľnohospodárska univerzita, 2000, 2000  |g S. 156  |z 8071376817 
958 |a OND 
958 |a article11 
958 |a chapter 
999 |c 1279913  |d 1281843